| 000 | 00803cam a2200229 i 4500 | ||
|---|---|---|---|
| 001 | 26721 | ||
| 003 | Mx-PuUPA | ||
| 005 | 20250623131925.0 | ||
| 008 | 140415s2014 nyua fr 000 0 eng d | ||
| 020 |
_a9781616892708 _qpasta dura |
||
| 040 |
_cMx-PuUPA _aMx-PuUPA _bspa _dMx-PuUPA _erda |
||
| 041 | 0 | _aeng | |
| 100 | 1 |
_aCornille, Didier, _d1951 _917217 |
|
| 245 | 1 | 0 |
_aWho built that? : _bSkyscrapers / _cDidier Cornille |
| 264 | 1 |
_aNew York, New York : _bPrinceton Architectural Press, _c26 cm |
|
| 300 |
_a83 páginas : _bilustraciones en color ; _c25 cm |
||
| 500 | _a"An introduction to skyscrapers and their architects".-- Portada | ||
| 650 | 7 |
_aRascacielos _vLiteratura juvenil _xJuvenil |
|
| 942 |
_2ddc _cLI _h720.483 _iC78 |
||
| 999 |
_c26721 _d26721 |
||